000 00470nam a2200193Ia 4500
008 220531s9999 xx 000 0 und d
041 _aeng
082 _a-
_bALG / VAS
100 _aVashishta, B. R.
_973525
245 _aAlgae
250 _a1ST
260 _aNew Delhi
_bS. Chand & Com.
_c2014
300 _a612
542 _d11-08-2017
551 _aScience
_bNon-grant-SCI
650 _aBotany
_973526
906 _d2017-2018
_f11022
999 _c40992
_d40992